ბათუმის შოთა რუსთაველის სახელმწიფო უნივერსიტეტის ბიბლიოთეკა

პოეზია / (ბიბ.ჩანაწერი № 41386)

000 -ლიდერი
ფიქსირებული სიგრძის საკონტროლო ველი 00974nam a2200241Ia 4500
001 - საკონტროლო ნომერი
საკონტროლო ველი 8048
003 - საკონტროლო ნომრის იდენტიფიკატორი
საკონტროლო ველი GE_BSU
005 - ბოლო ოპერაციის თარიღი და დრო
საკონტროლო ველი 20200117121758.0
008 - ფიქსირებული სიგრძის მონაცემთა ელემენტები - ზოგადი ინფორმაცია
ფიქსირებული სიგრძის საკონტროლო ველი 181216s2012||||ge |||||||||||||| ||geo||
020 ## - წიგნის საერთაშორისო სტანდარტული ნომერი
International Standard Book Number 9789941926921
040 ## - კატალოგიზაციის წყარო
Transcribing agency GE_BSU
041 ## - ენის კოდი
Language code of text/sound track or separate title geo
080 ## - უნივერსალური ათობითი კლასიფიკაციის ინდექსი
Universal Decimal Classification number 821.353.1-1 ჭ–15
100 ## - მთავარი ჩანაწერი - პიროვნების სახელი
Personal name ჭავჭავაძე, ილია
9 (RLIN) 6204
245 ## - ცნობა სათაურის შესახებ
Title პოეზია /
Statement of responsibility, etc პროექტ.ავტ. და მთ. რედ. მ. გონაშვილი; შემდგ. ნ. ჭოჭუა; მხატვ. გ. გუგუშვილი.
264 ## - წარმოების, გამოცემის, დისტრიბუციის და სხვა ცნობები
გამოცემის, წარმოების, დისტრიბუციის... ადგილი თბილისი :
გამოცემის, წარმოების, დისტრიბუციის... სახელწოდება მერანი,
გამოცემის, წარმოების, დისტრიბუციის... თარიღი 2012.
300 ## - ფიზიკური აღწერა
Extent 146 გვ.
Other physical details 15 სმ.
653 ## - INDEX TERM--UNCONTROLLED
Uncontrolled term პოეზია
700 ## - ADDED ENTRY--PERSONAL NAME
Personal name გონაშვილი, მ.
Relator term რედაქტორი
9 (RLIN) 6205
700 ## - ADDED ENTRY--PERSONAL NAME
Personal name ნ. ჭოჭუა
Relator term შემდგენელი
9 (RLIN) 6206
700 ## - ADDED ENTRY--PERSONAL NAME
Personal name გუგუშვილი,გ.
Relator term მხატვარი
9 (RLIN) 6207
942 ## - ADDED ENTRY ELEMENTS (KOHA)
Koha item type წიგნი
Source of classification or shelving scheme
ეგზემპლარები
ჩამოწერის სტატუსი დაკარგული ეგზემპლარის სტატუსი კლასიფიკაციის წყარო ან თაროზე გაწყობის სქემა დაზიანების სტატუსი არ გაიცემა მუდმივი მდებარეობა (დაცვის ადგილი) ამჟამინდელი ადგილსამყოფელი თაროზე განთავსების ადგილი შეძენის თარიღი სრული შენახვის შიფრი შტრიხკოდი ბოლო ოპერაციის თარიღი ეგზემპლარის მიმდევრობითი ნომერი (კეტერი?) ფასის ძალაში შესვლის თარიღი ეგზემპლარის სახეობა
          ბათუმის შოთა რუსთაველის სახელმწიფო უნივერსიტეტის მთავარი ბიბლიოთეკა ბათუმის შოთა რუსთაველის სახელმწიფო უნივერსიტეტის მთავარი ბიბლიოთეკა წიგნსაცავი 2018-12-17 821.353.1-1 ჭ–15 7437 2018-12-17 7437 2018-12-17 წიგნი